Postaci z Gwiezdnych Wojen - Statystyki

Ogólne statystyki
  • Ten quiz został rozwiązany 79 razy
  • Średni wynik to 11 z 15
Statystyki odpowiedzi
Podpowiedź Postać % Poprawnych
"Jestem Jedi, jak mój ojciec przede mną" Luke Skywalker
99%
Zielony jest i szyku przestawnego używa Yoda
86%
Indiana Jones to jego "brat bliźniak" Han Solo
83%
Umarła ze smutku Padme Amidala
83%
Zarządca Miasta w Chmurach Lando Carlissian
78%
"Czy słyszałeś o tragedii Dartha Plagueisa?" Palpatine
74%
Nie lubi piasku Anakin Skywalker
72%
Uratował Mistrza Yodę na planecie Kashyyk Chewbacca
68%
Baby Yoda Grogu
68%
Według wielu teorii spiskowych jest lordem Sithów Jar Jar Binks
67%
Generał Rebelii i Ruchu Oporu z pączkami na głowie ;) Leia Organa
65%
Jego ojciec został zabity przez mistrza Windu Boba Fett
64%
Ben samotny Kylo Ren
64%
W postać tego pilota wciela się ten sam aktor, który zagrał główną rolę w Moon Knight (z uniwersum Marvela) Poe Dameron
61%
Przed stworzeniem serialu, pierwszy raz spotkaliśmy go w filmie "Łotr 1" Cassian Andor
42%
Nie znaleziono quizów pasujących do podanych kryteriów
Rozkład punktacji
Procent ludzi z każdym wynikiem
Percentyl według liczby udzielonych odpowiedzi
Twoja historia wyników
Nie rozwiązałeś tego quizu